[Event "CYCC U12 w"]
[Site "Sault Ste Marie CAN"]
[Date "2017.07.09"]
[Round "6.81"]
[White "Farkas, Jezzel"]
[Black "Belleau, Natasha"]
[Result "1-0"]
[WhiteElo "1326"]
[BlackElo "860"]
[WhiteFideId "-1"]
[WhiteFideId "-1"]
[PlyCount "41"]
[GameId "2160767908410460"]
[EventDate "2017.07.06"]
[EventType "swiss"]
[EventRounds "7"]
[EventCountry "CAN"]
[SourceTitle "hb 2017"]

1. d4 d5 2. Bf4 e6 3. e3 f6 4. Nf3 Bd6 5. Bxd6 cxd6 6. c3 e5 7. dxe5 dxe5 8. Be2 e4 9. Nd4 a6 10. O-O Ne7 11. c4 g5 12. Nc3 g4 13. Bxg4 Rg8 14. Bh5+ Kf8 15. Kh1 Qd6 16. cxd5 Qe5 17. f4 Qd6 18. Nxe4 Qb6 19. Qb3 Nxd5 20. Qxd5 Qxb2 21. Qf7# 1-0

[Event "CYCC U12 w"]
[Site "Sault Ste Marie CAN"]
[Date "2017.07.10"]
[Round "7.77"]
[White "Farkas, Jezzel"]
[Black "Gilani, Mysha"]
[Result "0-1"]
[WhiteElo "1326"]
[BlackElo "1484"]
[WhiteFideId "-1"]
[WhiteFideId "-1"]
[PlyCount "76"]
[GameId "2160767908410461"]
[EventDate "2017.07.06"]
[EventType "swiss"]
[EventRounds "7"]
[EventCountry "CAN"]
[SourceTitle "hb 2017"]

1. d4 Nf6 2. Bf4 e6 3. e3 d5 4. Nf3 c5 5. c3 Nc6 6. h3 Bd6 7. Bxd6 Qxd6 8. dxc5 Qxc5 9. Nd4 e5 10. Nxc6 bxc6 11. Be2 O-O 12. O-O Rb8 13. b4 Qe7 14. a3 c5 15. Qc2 g6 16. Qd1 Bf5 17. b5 c4 18. a4 Qc5 19. g4 Be4 20. Bf3 Bxf3 21. Qxf3 Ne4 22. Qd1 f5 23. Qc2 fxg4 24. hxg4 Rf3 25. Nd2 Rxe3 26. Nxe4 Rxe4 27. Qd1 Rf8 28. Ra2 Rff4 29. Kh2 Rxg4 30. f3 Rh4+ 31. Kg3 Ref4 32. Rd2 d4 33. cxd4 exd4 34. Rg1 Qg5+ 35. Kf2 Rh2+ 36. Kf1 Rxd2 37. Qxd2 Rxf3+ 38. Ke2 Rf2+ 0-1

[Event "CYCC U12 w"]
[Site "Sault Ste Marie CAN"]
[Date "2017.07.10"]
[Round "7.78"]
[White "Qiao, Joey"]
[Black "Van, Anna"]
[Result "1-0"]
[WhiteElo "1460"]
[BlackElo "1720"]
[WhiteFideId "-1"]
[WhiteFideId "-1"]
[PlyCount "173"]
[GameId "2160767908410462"]
[EventDate "2017.07.06"]
[EventType "swiss"]
[EventRounds "7"]
[EventCountry "CAN"]
[SourceTitle "EXT 2022"]
[Source "ChessBase"]
[SourceDate "2021.10.06"]
[SourceVersion "1"]
[SourceVersionDate "2021.10.06"]
[SourceQuality "1"]

1. e4 c5 2. Nf3 Nc6 3. d4 cxd4 4. Nxd4 e5 5. Nb3 Nf6 6. Nc3 Bb4 7. Bd3 d5 8. exd5 Nxd5 9. Bd2 Nxc3 10. bxc3 Be7 11. Be4 Qc7 12. Qf3 Bd7 13. Qd1 Rd8 14. h3 Be6 15. Qf3 Qd7 16. Bxc6 bxc6 17. Qe3 Bd6 18. Rd1 Bf5 19. Nd4 O-O 20. Nxf5 Qxf5 21. Qd3 e4 22. Qe3 Bc5 23. Qg3 Rd6 24. O-O Rg6 25. Qh4 Qf3 26. g4 f5 27. g5 f4 28. Kh2 Rf5 29. Qg4 Qxg4 30. hxg4 Rfxg5 31. Bxf4 Rxg4 32. Bg3 h5 33. Kh3 e3 34. Rde1 exf2 35. Bxf2 Bxf2 36. Rxf2 Rg3+ 37. Kh2 Rxc3 38. Re5 Rh6 39. Ra5 Rf6 40. Rg2 a6 41. Rxa6 Rff3 42. a4 Rh3+ 43. Kg1 Rhg3 44. Ra8+ Kf7 45. a5 Rxg2+ 46. Kxg2 Rxc2+ 47. Kg3 Rc4 48. a6 Ra4 49. a7 Ke7 50. Rg8 Kf7 51. a8=Q Rxa8 52. Rxa8 g5 53. Ra6 Kf6 54. Rxc6+ Kf5 55. Rc5+ Kf6 56. Kf3 Kg6 57. Ke4 h4 58. Kf3 Kh5 59. Rb5 Kg6 60. Kg4 Kf6 61. Rxg5 h3 62. Rh5 h2 63. Rxh2 Ke5 64. Rf2 Ke6 65. Kg5 Kd5 66. Re2 Kd4 67. Kf5 Kd3 68. Re8 Kd4 69. Re7 Kd3 70. Kf4 Kd4 71. Rd7+ Kc5 72. Ke4 Kc6 73. Rd1 Kc5 74. Rd2 Kc6 75. Ke5 Kb7 76. Rc2 Kb6 77. Kd5 Kb7 78. Kd6 Kb6 79. Rb2+ Ka5 80. Kc6 Ka4 81. Kc5 Ka3 82. Rb8 Ka4 83. Rb7 Ka3 84. Kc4 Ka2 85. Kc3 Ka1 86. Kc2 Ka2 87. Ra7# 1-0

[Event "CYCC U12 w"]
[Site "Sault Ste Marie CAN"]
[Date "2017.07.10"]
[Round "7.80"]
[White "Belleau, Natasha"]
[Black "Shen, Isamel"]
[Result "0-1"]
[WhiteElo "860"]
[BlackElo "1538"]
[WhiteFideId "-1"]
[WhiteFideId "-1"]
[PlyCount "32"]
[GameId "2160767908410464"]
[EventDate "2017.07.06"]
[EventType "swiss"]
[EventRounds "7"]
[EventCountry "CAN"]
[SourceTitle "hb 2017"]

1. e4 e5 2. c3 Nf6 3. f3 Bc5 4. d4 exd4 5. cxd4 Bb4+ 6. Bd2 Bxd2+ 7. Kxd2 d6 8. Qb3 O-O 9. e5 dxe5 10. Bd3 Qxd4 11. Ne2 Qd6 12. Nd4 Qxd4 13. Ke1 e4 14. Bc2 exf3 15. gxf3 Re8+ 16. Kf1 Bh3# 0-1

[Event "CYCC U14"]
[Site "Sault Ste Marie CAN"]
[Date "2017.07.06"]
[Round "1.29"]
[White "Hua, Eugene"]
[Black "Yang, Brett"]
[Result "1-0"]
[WhiteElo "2358"]
[BlackElo "1247"]
[WhiteFideId "-1"]
[WhiteFideId "-1"]
[PlyCount "59"]
[GameId "2160767908410466"]
[EventDate "2017.07.06"]
[EventType "swiss"]
[EventRounds "7"]
[EventCountry "CAN"]
[SourceTitle "hb 2017"]

1. c4 e5 2. g3 Nf6 3. Bg2 d6 4. Nc3 Be6 5. Bxb7 Nbd7 6. d3 Rb8 7. Bg2 Be7 8. Nf3 O-O 9. O-O c6 10. Ng5 Qc7 11. Nxe6 fxe6 12. e4 c5 13. Bh3 a6 14. Bxe6+ Kh8 15. a3 Nb6 16. b4 cxb4 17. axb4 Qb7 18. Be3 Rbd8 19. Qe2 Na8 20. Rfb1 Nc7 21. Bh3 g6 22. b5 axb5 23. Nxb5 Nxb5 24. Rxb5 Qc6 25. Ra7 Rf7 26. Be6 Rg7 27. Bh6 Bf8 28. Bxg7+ Bxg7 29. Rbb7 Ne8 30. Qf3 1-0

[Event "CYCC U14"]
[Site "Sault Ste Marie CAN"]
[Date "2017.07.06"]
[Round "1.31"]
[White "Huang, Qiuyu"]
[Black "Zhang, Kevin3"]
[Result "1-0"]
[WhiteElo "2239"]
[BlackElo "1205"]
[WhiteFideId "-1"]
[WhiteFideId "-1"]
[PlyCount "65"]
[GameId "2160767908410468"]
[EventDate "2017.07.06"]
[EventType "swiss"]
[EventRounds "7"]
[EventCountry "CAN"]
[SourceTitle "hb 2017"]

1. e4 e5 2. Nf3 Nc6 3. Bc4 Nf6 4. d3 d5 5. exd5 Nxd5 6. O-O Bc5 7. Re1 Bg4 8. h3 Bh5 9. Nxe5 Bxf2+ 10. Kxf2 Qh4+ 11. g3 Qd4+ 12. Kf1 Ne3+ 13. Bxe3 Qxe5 14. Bf4 Bxd1 15. Bxe5 O-O 16. Bxg7 Kxg7 17. Rxd1 Rae8 18. Bb5 Re6 19. Bxc6 Rxc6 20. Nc3 f5 21. Re1 Rg6 22. Kf2 f4 23. g4 Rh6 24. Re7+ Kf6 25. Rae1 Rxh3 26. Nd5+ Kg5 27. R1e5+ Kxg4 28. Rg7+ Kh4 29. Rxh7+ Kg4 30. Rxh3 Kxh3 31. Kf3 Kh4 32. Nxf4 Rf6 33. Rh5# 1-0

[Event "CYCC U14"]
[Site "Sault Ste Marie CAN"]
[Date "2017.07.06"]
[Round "1.33"]
[White "Zhang, Henry"]
[Black "Cloutier, Simon"]
[Result "1-0"]
[WhiteElo "2108"]
[BlackElo "1163"]
[WhiteFideId "-1"]
[WhiteFideId "-1"]
[PlyCount "127"]
[GameId "2160767908410470"]
[EventDate "2017.07.06"]
[EventType "swiss"]
[EventRounds "7"]
[EventCountry "CAN"]
[SourceTitle "hb 2017"]

1. e4 e5 2. Nf3 Nc6 3. Bc4 Bc5 4. d3 Nf6 5. O-O O-O 6. Nbd2 h6 7. h3 a6 8. c3 d6 9. Bb3 Qe7 10. Re1 Be6 11. Bc2 Nd7 12. Nf1 f5 13. d4 fxe4 14. Bxe4 d5 15. Bc2 Bd6 16. dxe5 Ncxe5 17. Nxe5 Bxe5 18. Qe2 Bf5 19. Bxf5 Rxf5 20. Ne3 Rf7 21. Nxd5 Qc5 22. Nb4 Re8 23. Be3 Qf8 24. Qc4 Kh8 25. Rad1 c6 26. Re2 Nf6 27. Bc5 b5 28. Bxf8 bxc4 29. Rde1 Rexf8 30. Rxe5 Nd7 31. Re7 Nc5 32. Rxf7 Rxf7 33. Nxc6 Nd3 34. Re2 Rb7 35. Nb4 a5 36. Nxd3 cxd3 37. Rd2 Kg8 38. f3 Kf7 39. Kf2 Ke6 40. Ke3 Ke5 41. Kxd3 a4 42. Kc4 Kf4 43. Re2 Kg3 44. b3 axb3 45. axb3 Kf4 46. b4 Ra7 47. b5 Kf5 48. b6 Rb7 49. Kb5 Kf6 50. Kc6 Rb8 51. b7 g5 52. Kc7 Rxb7+ 53. Kxb7 h5 54. g4 hxg4 55. fxg4 Kg6 56. Kc7 Kf7 57. Kd7 Kf6 58. Rf2+ Kg7 59. Ke7 Kg6 60. Rf5 Kg7 61. Rxg5+ Kh6 62. h4 Kh7 63. Kf7 Kh6 64. Rh5# 1-0

[Event "CYCC U14"]
[Site "Sault Ste Marie CAN"]
[Date "2017.07.06"]
[Round "1.34"]
[White "Xie, Daniel"]
[Black "Gaisinsky, Adam"]
[Result "0-1"]
[WhiteElo "1102"]
[BlackElo "2056"]
[WhiteFideId "-1"]
[WhiteFideId "-1"]
[PlyCount "132"]
[GameId "2160767908410471"]
[EventDate "2017.07.06"]
[EventType "swiss"]
[EventRounds "7"]
[EventCountry "CAN"]
[SourceTitle "hb 2017"]

1. e4 e5 2. Nf3 Nc6 3. Bc4 Nf6 4. d3 Bc5 5. c3 O-O 6. O-O d5 7. exd5 Nxd5 8. Nbd2 Nb6 9. Re1 Bg4 10. b4 Bd6 11. Qb3 Nxc4 12. Qxc4 Be6 13. Qh4 Qxh4 14. Nxh4 Rad8 15. Ne4 Be7 16. Nf3 Rxd3 17. Bb2 Rfd8 18. b5 Na5 19. Nxe5 R3d5 20. c4 R5d6 21. Nxd6 cxd6 22. Nf3 Nxc4 23. Bd4 Kf8 24. a4 b6 25. Rac1 d5 26. Ne5 Nxe5 27. Bxe5 Bc5 28. Kf1 d4 29. Bf4 Bb4 30. Bc7 Rd7 31. Re4 Ba3 32. Rc6 d3 33. Bf4 d2 34. Rc8+ Ke7 35. Bxd2 Rxd2 36. Rc7+ Rd7 37. Rxd7+ Kxd7 38. Ke1 Bc5 39. f3 Kd6 40. Kd2 h5 41. g4 hxg4 42. fxg4 Kd5 43. Rf4 Bd6 44. Rf2 Kc4 45. Kc2 Kb4 46. Rd2 Bc5 47. Re2 Kxa4 48. Rxe6 fxe6 49. h4 Kxb5 50. h5 Be3 51. Kd3 Bf4 52. Ke4 e5 53. Kf5 a5 54. Kg6 a4 55. Kxg7 a3 56. h6 a2 57. h7 a1=Q 58. h8=Q e4+ 59. Kg8 Qxh8+ 60. Kxh8 e3 61. g5 Bxg5 62. Kg8 e2 63. Kg7 e1=Q 64. Kh7 Qe6 65. Kg7 Bh6+ 66. Kh7 Qf6 0-1

[Event "CYCC U14"]
[Site "Sault Ste Marie CAN"]
[Date "2017.07.06"]
[Round "1.36"]
[White "Shinn, Jungmin"]
[Black "Bu, Kevin1"]
[Result "0-1"]
[WhiteElo "1079"]
[BlackElo "1981"]
[WhiteFideId "-1"]
[WhiteFideId "-1"]
[PlyCount "113"]
[GameId "2160767908410473"]
[EventDate "2017.07.06"]
[EventType "swiss"]
[EventRounds "7"]
[EventCountry "CAN"]
[SourceTitle "EXT 2022"]
[Source "ChessBase"]
[SourceDate "2021.10.06"]
[SourceVersion "1"]
[SourceVersionDate "2021.10.06"]
[SourceQuality "1"]

1. e4 Nf6 2. Nc3 e5 3. Nf3 Bb4 4. d3 d5 5. exd5 Nxd5 6. Bd2 Bxc3 7. Bxc3 Nxc3 8. bxc3 Nc6 9. d4 exd4 10. cxd4 O-O 11. Be2 Bg4 12. c3 Ne7 13. h3 Bxf3 14. Bxf3 c6 15. Qb1 Rb8 16. Be4 f5 17. Qb3+ Kh8 18. Bf3 Re8 19. O-O-O Nd5 20. Bxd5 cxd5 21. Qc2 Rc8 22. g4 f4 23. Rd3 Qe7 24. Rf3 Qd6 25. h4 Re4 26. Rd3 Qa3+ 27. Kd1 Qe7 28. g5 Re8 29. Kc1 Qa3+ 30. Qb2 Qxb2+ 31. Kxb2 Re2+ 32. Ka3 Rxf2 33. Rb1 b6 34. Rb5 Rd8 35. Kb3 Kg8 36. a4 Kf7 37. a5 Rd6 38. c4 dxc4+ 39. Kxc4 Kg6 40. Rh3 h5 41. Kd3 Ra2 42. Ke4 Re2+ 43. Kd3 Ra2 44. Ke4 Ra4 45. Rd5 Rxd5 46. Kxd5 Rxa5+ 47. Ke6 Ra1 48. Rc3 Re1+ 49. Kd6 Kf5 50. Rc7 g6 51. Rf7+ Kg4 52. Rf6 f3 53. Rxg6 f2 54. Rf6 f1=Q 55. Rxf1 Rxf1 56. g6 Kf5 57. Ke7 0-1

[Event "CYCC U14"]
[Site "Sault Ste Marie CAN"]
[Date "2017.07.06"]
[Round "1.37"]
[White "Wang, Kaixin"]
[Black "Sher, Oleg"]
[Result "1-0"]
[WhiteElo "1957"]
[BlackElo "1022"]
[WhiteFideId "-1"]
[WhiteFideId "-1"]
[PlyCount "51"]
[GameId "2160767908410474"]
[EventDate "2017.07.06"]
[EventType "swiss"]
[EventRounds "7"]
[EventCountry "CAN"]
[SourceTitle "hb 2017"]

1. e4 d6 2. d4 Nf6 3. Bd3 e5 4. c3 g6 5. Nf3 Bg4 6. Nbd2 Bg7 7. Qb3 Qe7 8. Qxb7 O-O 9. Qxa8 c6 10. O-O Qc7 11. d5 Na6 12. Qxc6 Qxc6 13. dxc6 Nc5 14. Bc2 Rc8 15. b4 Ne6 16. b5 Nf4 17. Re1 h5 18. Nc4 Bf8 19. Bxf4 exf4 20. e5 dxe5 21. Nfxe5 Nd5 22. Nxg4 hxg4 23. Rad1 Nxc3 24. Rd7 Nxb5 25. Ne5 f6 26. Nxg4 1-0

[Event "CYCC U14"]
[Site "Sault Ste Marie CAN"]
[Date "2017.07.06"]
[Round "1.38"]
[White "Huang, Jingran"]
[Black "Washimkar, Arhant"]
[Result "0-1"]
[WhiteElo "1015"]
[BlackElo "1922"]
[WhiteFideId "-1"]
[WhiteFideId "-1"]
[PlyCount "98"]
[GameId "2160767908410475"]
[EventDate "2017.07.06"]
[EventType "swiss"]
[EventRounds "7"]
[EventCountry "CAN"]
[SourceTitle "EXT 2022"]
[Source "ChessBase"]
[SourceDate "2021.10.06"]
[SourceVersion "1"]
[SourceVersionDate "2021.10.06"]
[SourceQuality "1"]

1. e4 c5 2. Nf3 Nc6 3. d4 cxd4 4. Nxd4 g6 5. c4 Nf6 6. Nc3 Nxd4 7. Qxd4 d6 8. Be3 Bg7 9. Be2 O-O 10. O-O Ng4 11. Qd2 Nxe3 12. Qxe3 Be6 13. Rad1 Rb8 14. Qxa7 Bxc3 15. bxc3 Qc7 16. Qd4 Rfc8 17. Rfe1 Bxc4 18. Bxc4 Qxc4 19. Qxc4 Rxc4 20. Re3 Ra8 21. Rd2 Ra3 22. Rc2 b5 23. f3 Kf8 24. Kf2 Ke8 25. Ke2 Rca4 26. Kd3 Rxa2 27. Rxa2 Rxa2 28. Re2 Rxe2 29. Kxe2 Kd7 30. Kd3 Kc6 31. f4 d5 32. exd5+ Kxd5 33. g3 f6 34. h3 e5 35. fxe5 fxe5 36. g4 g5 37. Ke3 e4 38. Kd2 Kc4 39. Ke3 Kxc3 40. Kxe4 b4 41. Kf5 b3 42. Kxg5 b2 43. h4 b1=Q 44. h5 Kd4 45. Kh6 Ke5 46. g5 Qf5 47. g6 hxg6 48. hxg6 Qf8+ 49. Kh7 Kf6 0-1

[Event "CYCC U14"]
[Site "Sault Ste Marie CAN"]
[Date "2017.07.06"]
[Round "1.39"]
[White "Feng, Richard"]
[Black "Eirew, Milo"]
[Result "1-0"]
[WhiteElo "1866"]
[BlackElo "996"]
[WhiteFideId "-1"]
[WhiteFideId "-1"]
[PlyCount "73"]
[GameId "2160767908410477"]
[EventDate "2017.07.06"]
[EventType "swiss"]
[EventRounds "7"]
[EventCountry "CAN"]
[SourceTitle "EXT 2022"]
[Source "ChessBase"]
[SourceDate "2021.10.06"]
[SourceVersion "1"]
[SourceVersionDate "2021.10.06"]
[SourceQuality "1"]

1. e4 e6 2. Nf3 d6 3. d4 Ne7 4. Bd3 Nd7 5. O-O g6 6. Nc3 Bg7 7. Be3 b6 8. Qd2 h5 9. Bc4 Bb7 10. Bb3 Ba6 11. Rfe1 Qc8 12. Rad1 Qb7 13. Bg5 f6 14. Be3 O-O-O 15. Bxe6 Rh7 16. b4 Qa8 17. d5 f5 18. Bg5 Re8 19. exf5 gxf5 20. Bxf5 Bxc3 21. Qxc3 Rf7 22. Bg6 Rxf3 23. Qxf3 Rg8 24. Rxe7 Bb5 25. Qf7 Rf8 26. Re8+ Rxe8 27. Qxe8+ Kb7 28. Qxa8+ Kxa8 29. Be8 Kb8 30. c4 Ba4 31. Re1 Kc8 32. Re7 a6 33. f4 Kd8 34. Rxd7+ Kxe8 35. Rxc7 Kf8 36. Be7+ Ke8 37. Bxd6 1-0

[Event "CYCC U14"]
[Site "Sault Ste Marie CAN"]
[Date "2017.07.06"]
[Round "1.40"]
[White "Cyrenne, Cole"]
[Black "Chung, Alec"]
[Result "0-1"]
[WhiteElo "993"]
[BlackElo "1799"]
[WhiteFideId "-1"]
[WhiteFideId "-1"]
[PlyCount "64"]
[GameId "2160767908410478"]
[EventDate "2017.07.06"]
[EventType "swiss"]
[EventRounds "7"]
[EventCountry "CAN"]
[SourceTitle "EXT 2022"]
[Source "ChessBase"]
[SourceDate "2021.10.06"]
[SourceVersion "1"]
[SourceVersionDate "2021.10.06"]
[SourceQuality "1"]

1. d4 Nf6 2. c4 g6 3. Nc3 d5 4. e3 Bg7 5. Nf3 O-O 6. h3 c6 7. b3 Bf5 8. cxd5 Nxd5 9. Nxd5 cxd5 10. Bd3 Bxd3 11. Qxd3 Nc6 12. O-O Rc8 13. Ba3 Qa5 14. b4 Nxb4 15. Qb3 Nc2 16. Bxe7 Nxa1 17. Rxa1 Rfe8 18. Qxb7 Qc3 19. Rb1 Rc7 20. Qxd5 Rcxe7 21. Ng5 h6 22. Nxf7 Rxf7 23. Rb7 Ref8 24. Rxa7 Qe1+ 25. Kh2 Qxf2 26. Qe6 Kh7 27. Ra6 Rf6 28. Qc4 Rxa6 29. Qxa6 Qxe3 30. d5 Be5+ 31. Kh1 Qc1+ 32. Qf1 Rxf1# 0-1

[Event "CYCC U14"]
[Site "Sault Ste Marie CAN"]
[Date "2017.07.06"]
[Round "1.41"]
[White "Lehingrat, Callum"]
[Black "Renard, Christopher"]
[Result "1-0"]
[WhiteElo "1794"]
[BlackElo "908"]
[WhiteFideId "-1"]
[WhiteFideId "-1"]
[PlyCount "81"]
[GameId "2160767908410479"]
[EventDate "2017.07.06"]
[EventType "swiss"]
[EventRounds "7"]
[EventCountry "CAN"]
[SourceTitle "EXT 2022"]
[Source "ChessBase"]
[SourceDate "2021.10.06"]
[SourceVersion "1"]
[SourceVersionDate "2021.10.06"]
[SourceQuality "1"]

1. d4 e6 2. c4 b6 3. Nf3 Bb7 4. g3 d5 5. Bg2 Nf6 6. O-O dxc4 7. Qa4+ Qd7 8. Qxc4 Qc6 9. Qd3 Nbd7 10. Nc3 e5 11. e4 Nxe4 12. d5 Nxf2 13. dxc6 Nxd3 14. cxd7+ Kxd7 15. Rd1 Bc5+ 16. Kh1 e4 17. Ne5+ Ke6 18. Nxd3 exd3 19. Bxb7 Rad8 20. Bf4 Kf6 21. Ne4+ Kg6 22. Nxc5 bxc5 23. Be4+ f5 24. Bxd3 Rhe8 25. Bc4 Rd4 26. Rxd4 cxd4 27. Rd1 c5 28. b3 Kf6 29. h4 h6 30. Bd6 g5 31. hxg5+ hxg5 32. Bxc5 f4 33. Bxd4+ Kg6 34. gxf4 gxf4 35. Rf1 Kg5 36. Kg2 Kg4 37. a4 Rd8 38. Bxa7 Rd2+ 39. Rf2 f3+ 40. Kh2 Rd7 41. Be6+ 1-0

[Event "CYCC U14"]
[Site "Sault Ste Marie CAN"]
[Date "2017.07.06"]
[Round "1.42"]
[White "Ketterer, Quentin"]
[Black "Dornieden, Jonas"]
[Result "0-1"]
[WhiteElo "818"]
[BlackElo "1729"]
[WhiteFideId "-1"]
[WhiteFideId "-1"]
[PlyCount "62"]
[GameId "2160767908410480"]
[EventDate "2017.07.06"]
[EventType "swiss"]
[EventRounds "7"]
[EventCountry "CAN"]
[SourceTitle "hb 2017"]

1. e4 e5 2. Qh5 d6 3. Qf3 Nf6 4. Nc3 Nc6 5. Bb5 Bd7 6. Bxc6 Bxc6 7. d3 Be7 8. Nh3 O-O 9. O-O Bd7 10. Qg3 Kh8 11. Bg5 Ng8 12. Nd5 Bxg5 13. Nxg5 c6 14. Ne3 f5 15. Qh3 Qxg5 16. Nc4 Qe7 17. Rae1 fxe4 18. Rxe4 Bxh3 19. gxh3 Nf6 20. Re3 Nd5 21. Re2 Nf4 22. Re3 Qg5+ 23. Rg3 Ne2+ 24. Kg2 Nxg3 25. hxg3 d5 26. Nd6 Qe7 27. Nxb7 Qxb7 28. Re1 Qb6 29. Rxe5 Qxf2+ 30. Kh1 Qf1+ 31. Kh2 Rf2# 0-1

[Event "CYCC U14"]
[Site "Sault Ste Marie CAN"]
[Date "2017.07.06"]
[Round "1.43"]
[White "Papneja, Arul"]
[Black "Asemota, Eghosa"]
[Result "1-0"]
[WhiteElo "1682"]
[BlackElo "799"]
[WhiteFideId "-1"]
[WhiteFideId "-1"]
[PlyCount "65"]
[GameId "2160767908410481"]
[EventDate "2017.07.06"]
[EventType "swiss"]
[EventRounds "7"]
[EventCountry "CAN"]
[SourceTitle "hb 2017"]

1. e4 c5 2. Ne2 e5 3. Nbc3 Nf6 4. g3 Be7 5. Bg2 O-O 6. O-O d6 7. d3 h6 8. h3 Bd7 9. Be3 Nc6 10. Nd5 Nxd5 11. exd5 Nd4 12. c3 Nxe2+ 13. Qxe2 Qc8 14. Kh2 Bf6 15. f4 a6 16. Rac1 b5 17. d4 exd4 18. cxd4 Re8 19. Qd2 Be7 20. dxc5 dxc5 21. d6 Bxd6 22. Qxd6 Rxe3 23. Rxc5 Qd8 24. Bxa8 Qxa8 25. Rd5 Bc6 26. Qd8+ Re8 27. Qxa8 Rxa8 28. Rd6 Bb7 29. Rfd1 Re8 30. Rd8 Bc6 31. R1d6 Rxd8 32. Rxd8+ Kh7 33. Rd6 1-0

[Event "CYCC U14"]
[Site "Sault Ste Marie CAN"]
[Date "2017.07.06"]
[Round "1.44"]
[White "Grant, Nicholas"]
[Black "Liao, Joseph"]
[Result "0-1"]
[WhiteElo "550"]
[BlackElo "1674"]
[WhiteFideId "-1"]
[WhiteFideId "-1"]
[PlyCount "68"]
[GameId "2160767908410482"]
[EventDate "2017.07.06"]
[EventType "swiss"]
[EventRounds "7"]
[EventCountry "CAN"]
[SourceTitle "hb 2017"]

1. e4 e6 2. Nf3 d5 3. Nc3 Nf6 4. g3 dxe4 5. Nxe4 Nxe4 6. Bg2 Nc6 7. O-O Bc5 8. d4 Nxd4 9. Nxd4 Nxf2 10. Rxf2 Bxd4 11. Qd3 Bxf2+ 12. Kxf2 O-O 13. Qc3 c6 14. b3 Qb6+ 15. Be3 Qc7 16. Kg1 e5 17. Rf1 Be6 18. Rf2 Rad8 19. Bc5 Rfe8 20. Qe3 b6 21. Bb4 c5 22. Ba3 Rd1+ 23. Bf1 Bh3 24. g4 Bxf1 25. Qf3 Be2+ 26. Kg2 Bxf3+ 27. Rxf3 Qc6 28. Kg3 Rg1+ 29. Kf2 Rf1+ 30. Kxf1 Qxf3+ 31. Ke1 e4 32. Bc1 e3 33. h3 Qf2+ 34. Kd1 Qf1# 0-1

[Event "CYCC U14"]
[Site "Sault Ste Marie CAN"]
[Date "2017.07.06"]
[Round "1.47"]
[White "Xu, William1"]
[Black "Patel, Ayush"]
[Result "1-0"]
[WhiteElo "1767"]
[BlackElo "1135"]
[WhiteFideId "-1"]
[WhiteFideId "-1"]
[PlyCount "67"]
[GameId "2160767908410485"]
[EventDate "2017.07.06"]
[EventType "swiss"]
[EventRounds "7"]
[EventCountry "CAN"]
[SourceTitle "EXT 2022"]
[Source "ChessBase"]
[SourceDate "2021.10.06"]
[SourceVersion "1"]
[SourceVersionDate "2021.10.06"]
[SourceQuality "1"]

1. e4 e5 2. Nf3 Nc6 3. Bc4 Bc5 4. d3 d6 5. Ng5 Nf6 6. Nxf7 Qd7 7. Nxh8 b6 8. Nc3 Bb7 9. O-O O-O-O 10. Nf7 Nd4 11. Ne2 d5 12. Nxe5 Qd6 13. c3 Ne6 14. exd5 Qxe5 15. dxe6 Re8 16. d4 Qd6 17. Bf4 Qc6 18. f3 Re7 19. Bb3 Bd6 20. Bxd6 Qxd6 21. Ng3 h5 22. Nf5 Qf4 23. Nxe7+ Kb8 24. Qe2 g5 25. Ng6 Qd6 26. e7 g4 27. fxg4 hxg4 28. Rxf6 Qxf6 29. e8=Q+ Bc8 30. Qxg4 Kb7 31. Qexc8+ Kc6 32. Ba4+ Kd5 33. Qcd7+ Kc4 34. Qb5# 1-0

[Event "CYCC U14"]
[Site "Sault Ste Marie CAN"]
[Date "2017.07.06"]
[Round "2.30"]
[White "Chung, Alec"]
[Black "Hua, Eugene"]
[Result "0-1"]
[WhiteElo "1799"]
[BlackElo "2358"]
[WhiteFideId "-1"]
[WhiteFideId "-1"]
[PlyCount "50"]
[GameId "2160767908410486"]
[EventDate "2017.07.06"]
[EventType "swiss"]
[EventRounds "7"]
[EventCountry "CAN"]
[SourceTitle "EXT 2022"]
[Source "ChessBase"]
[SourceDate "2021.10.06"]
[SourceVersion "1"]
[SourceVersionDate "2021.10.06"]
[SourceQuality "1"]

1. c4 c5 2. Nc3 Nc6 3. g3 e5 4. Bg2 g6 5. e4 Bg7 6. Nge2 Nge7 7. d3 d6 8. Be3 Nd4 9. Rb1 O-O 10. O-O f5 11. f4 fxe4 12. dxe4 Be6 13. Nd5 Nec6 14. Nxd4 cxd4 15. Bd2 Qd7 16. Qe2 Rae8 17. b4 Ne7 18. b5 exf4 19. Bxf4 Nxd5 20. cxd5 Bxd5 21. Rfe1 Be6 22. b6 a6 23. Rbc1 Rc8 24. e5 dxe5 25. Bxe5 d3 0-1

[Event "CYCC U14"]
[Site "Sault Ste Marie CAN"]
[Date "2017.07.06"]
[Round "2.32"]
[White "Dornieden, Jonas"]
[Black "Huang, Qiuyu"]
[Result "0-1"]
[WhiteElo "1729"]
[BlackElo "2239"]
[WhiteFideId "-1"]
[WhiteFideId "-1"]
[PlyCount "58"]
[GameId "2160767908410488"]
[EventDate "2017.07.06"]
[EventType "swiss"]
[EventRounds "7"]
[EventCountry "CAN"]
[SourceTitle "hb 2017"]

1. e4 c5 2. Nf3 Nc6 3. d4 cxd4 4. Nxd4 e5 5. Nb5 d6 6. N1c3 a6 7. Na3 b5 8. Nd5 Nge7 9. c4 Nd4 10. Be3 Nxd5 11. cxd5 Be7 12. Bxd4 exd4 13. Qxd4 O-O 14. Bd3 Qa5+ 15. Qc3 b4 16. Qd2 Bg5 17. Qxg5 bxa3+ 18. Qd2 axb2 19. Rb1 Qxa2 20. Qxb2 Qxb2 21. Rxb2 f5 22. Ke2 fxe4 23. Bxe4 Bd7 24. Ra1 Bb5+ 25. Bd3 Rae8+ 26. Kd2 Rxf2+ 27. Kc3 Rc8+ 28. Kb3 Rxb2+ 29. Kxb2 Bxd3 0-1

[Event "CYCC U14"]
[Site "Sault Ste Marie CAN"]
[Date "2017.07.06"]
[Round "2.34"]
[White "Liao, Joseph"]
[Black "Zhang, Henry"]
[Result "0-1"]
[WhiteElo "1674"]
[BlackElo "2108"]
[WhiteFideId "-1"]
[WhiteFideId "-1"]
[PlyCount "44"]
[GameId "2160767908410490"]
[EventDate "2017.07.06"]
[EventType "swiss"]
[EventRounds "7"]
[EventCountry "CAN"]
[SourceTitle "hb 2017"]

1. e4 c5 2. d4 cxd4 3. c3 dxc3 4. Nxc3 Nc6 5. Nf3 d6 6. Bc4 a6 7. O-O Nf6 8. Bg5 Bg4 9. Qb3 e6 10. Qxb7 Na5 11. Qb4 Bxf3 12. gxf3 Be7 13. Qa4+ Nd7 14. Bxe7 Kxe7 15. Be2 Qb6 16. Rfd1 Rhc8 17. Qd4 Rab8 18. Qxb6 Rxb6 19. Rac1 Rbc6 20. Bxa6 Rxa6 21. Nd5+ Kd8 22. Rxc8+ Kxc8 0-1

[Event "CYCC U14"]
[Site "Sault Ste Marie CAN"]
[Date "2017.07.06"]
[Round "2.35"]
[White "Gaisinsky, Adam"]
[Black "Papneja, Arul"]
[Result "1-0"]
[WhiteElo "2056"]
[BlackElo "1682"]
[WhiteFideId "-1"]
[WhiteFideId "-1"]
[PlyCount "67"]
[GameId "2160767908410491"]
[EventDate "2017.07.06"]
[EventType "swiss"]
[EventRounds "7"]
[EventCountry "CAN"]
[SourceTitle "hb 2017"]

1. e4 c5 2. Nf3 d6 3. d4 cxd4 4. Nxd4 Nf6 5. Nc3 a6 6. Be3 e5 7. Nb3 Be6 8. f3 Be7 9. Qd2 O-O 10. g4 d5 11. g5 d4 12. gxf6 Bxf6 13. Bxd4 exd4 14. Ne2 Nc6 15. O-O-O Qb6 16. f4 Rfd8 17. f5 Bxb3 18. cxb3 Rac8 19. Kb1 Nb4 20. Nc1 Rc2 21. Qf4 d3 22. e5 Rf2 23. Qe4 Qc5 24. Bxd3 Nxd3 25. Nxd3 Qc2+ 26. Ka1 Rxd3 27. Rb1 Bd8 28. Qxb7 Rfd2 29. Rhc1 Rd7 30. Rxc2 Rxb7 31. Rxd2 Bg5 32. Rd6 a5 33. Rbd1 Kf8 34. f6 1-0